[Event "URU-ch sf"]
[Site "Montevideo"]
[Date "2024.02.12"]
[Round "5"]
[White "Granara Barreto, Sebastian A"]
[Black "Carbone, Diego"]
[Result "1/2-1/2"]
[WhiteElo "2103"]
[BlackElo "2275"]
[PlyCount "40"]
[EventDate "2024.02.09"]
[EventType "swiss"]
[EventRounds "7"]
[EventCountry "URU"]
[SourceTitle "CB08_2024"]
[SourceDate "2024.02.21"]
[SourceVersion "1"]
[SourceVersionDate "2024.02.21"]
[SourceQuality "1"]

1. e4 e5 2. f4 exf4 3. Nf3 Nf6 4. e5 Nh5 5. Qe2 Be7 6. d4 0-0 7. Nc3 d6 8. Bd2 Bg4 9. 0-0-0 Nc6 10. Qf2 g6 11. Be2 Qd7 12. Rhe1 Rad8 13. Nd5 dxe5 14. Nxe7+ Qxe7 15. Nxe5 Nxe5 16. dxe5 Bxe2 17. Rxe2 Qe6 18. b3 Rfe8 19. Rde1 b6 20. Bxf4 Nxf4 1/2-1/2

[Event "URU-ch sf"]
[Site "Montevideo"]
[Date "2024.02.10"]
[Round "3"]
[White "Granara Barreto, Sebastian A"]
[Black "Cuello Toledo, Guzman"]
[Result "1-0"]
[WhiteElo "2103"]
[BlackElo "1836"]
[PlyCount "77"]
[EventDate "2024.02.09"]
[EventType "swiss"]
[EventRounds "7"]
[EventCountry "URU"]
[SourceTitle "CB08_2024"]
[SourceDate "2024.02.21"]
[SourceVersion "1"]
[SourceVersionDate "2024.02.21"]
[SourceQuality "1"]

1. e4 e5 2. f4 d5 3. exd5 c6 4. d6 Bxd6 5. Nc3 Qe7 6. fxe5 Bxe5 7. Qe2 Bg4 8. Nf3 Bxf3 9. gxf3 Qh4+ 10. Qf2 Qxf2+ 11. Kxf2 Nf6 12. Ne2 Nbd7 13. d4 Bd6 14. Ng3 g6 15. Bh3 0-0 16. Bg5 Kg7 17. Rhg1 Bxg3+ 18. hxg3 Nb6 19. b3 Nfd7 20. Rge1 Rfe8 21. Bd2 f5 22. c4 Nf6 23. Bc3 Kf7 24. Bf1 Rad8 25. a4 Nc8 26. Bd3 Re7 27. Rxe7+ Nxe7 28. b4 a6 29. Re1 Rd6 30. Bc2 Re6 31. Rd1 g5 32. Bb3 g4 33. d5 cxd5 34. cxd5 Rd6 35. Be5 Rb6 36. d6+ Ned5 37. Bxd5+ Nxd5 38. Rxd5 Ke6 39. d7 1-0

[Event "URU-ch 93rd"]
[Site "Montevideo"]
[Date "2023.04.06"]
[Round "9"]
[White "Carvalho, Guillermo"]
[Black "Granara Barreto, Sebastian A"]
[Result "1-0"]
[WhiteElo "2101"]
[BlackElo "2146"]
[PlyCount "101"]
[EventDate "2023.03.31"]
[EventType "tourn"]
[EventRounds "11"]
[EventCountry "URU"]
[SourceTitle "CBM 213 Extra"]
[Source "ChessBase"]
[SourceDate "2023.05.31"]
[SourceVersion "1"]
[SourceVersionDate "2023.05.31"]
[SourceQuality "1"]

1. c4 e5 2. Nc3 Nc6 3. g3 Bc5 4. Bg2 a6 5. e3 d6 6. Nge2 Ba7 7. d4 h5 8. b4 h4 9. b5 axb5 10. cxb5 Nce7 11. dxe5 hxg3 12. hxg3 Rxh1+ 13. Bxh1 Bc5 14. exd6 Bxd6 15. a4 Nf6 16. Ba3 Bxa3 17. Qxd8+ Kxd8 18. Rxa3 c6 19. Nd4 Bd7 20. a5 Kc7 21. bxc6 Nxc6 22. Ncb5+ Kb8 23. Nxc6+ Bxc6 24. Bxc6 bxc6 25. Nd6 Ra7 26. Nc4 Nd7 27. Ke2 Kc7 28. e4 f6 29. f4 c5 30. Rb3 Ra8 31. Ke3 Kc6 32. Kd3 Ra7 33. Kc3 Ra8 34. Rb1 Ra7 35. e5 fxe5 36. fxe5 Kd5 37. Rd1+ Ke6 38. Rd6+ Ke7 39. Rg6 Kf8 40. Re6 Kf7 41. Rc6 Ke7 42. g4 Rb7 43. Rg6 Kf8 44. g5 Ra7 45. Re6 Kf7 46. Rc6 Ke7 47. e6 Nb8 48. Rb6 Na6 49. Nd6 Ra8 50. Nf5+ Kf8 51. Rb7 1-0

[Event "URU-ch 93rd"]
[Site "Montevideo"]
[Date "2023.04.04"]
[Round "6"]
[White "Granara Barreto, Sebastian A"]
[Black "Carbone, Diego"]
[Result "1-0"]
[WhiteElo "2146"]
[BlackElo "2336"]
[PlyCount "41"]
[EventDate "2023.03.31"]
[EventType "tourn"]
[EventRounds "11"]
[EventCountry "URU"]
[SourceTitle "CBM 213 Extra"]
[Source "ChessBase"]
[SourceDate "2023.05.31"]
[SourceVersion "1"]
[SourceVersionDate "2023.05.31"]
[SourceQuality "1"]

1. e4 c5 2. Nf3 e6 3. d3 Nc6 4. g3 Nf6 5. Bg2 d5 6. Nbd2 Be7 7. 0-0 0-0 8. Re1 b5 9. e5 Nd7 10. Nf1 Qc7 11. Bf4 a5 12. h4 Ba6 13. Ne3 Rfe8 14. Nxd5 exd5 15. e6 Bd6 16. exf7+ Kxf7 17. Ng5+ Kf8 18. Nxh7+ Kg8 19. Bxd5+ Kh8 20. Qh5 g6 21. Qh6 1-0

[Event "URU-ch sf2"]
[Site "Colonia del Sacramento"]
[Date "2023.02.18"]
[Round "3"]
[White "Roselli Mailhe, Bernardo"]
[Black "Granara Barreto, Sebastian A"]
[Result "1/2-1/2"]
[WhiteElo "2372"]
[BlackElo "2134"]
[PlyCount "41"]
[EventDate "2023.02.17"]
[EventType "swiss"]
[EventRounds "7"]
[EventCountry "URU"]
[SourceTitle "CBM 213 Extra"]
[Source "ChessBase"]
[SourceDate "2023.05.31"]
[SourceVersion "1"]
[SourceVersionDate "2023.05.31"]
[SourceQuality "1"]

1. d4 Nf6 2. c4 e6 3. Nf3 c5 4. d5 b6 5. Bg5 exd5 6. cxd5 h6 7. Bxf6 Qxf6 8. Qb3 c4 9. Qc2 Na6 10. e4 Bb4+ 11. Nc3 d6 12. Be2 0-0 13. 0-0 Bxc3 14. bxc3 Nc5 15. Nd4 Bd7 16. Rfe1 Rfe8 17. Bf1 Rac8 18. Rab1 a6 19. Re3 Re5 20. Rbe1 Rce8 21. Nf3 1/2-1/2

[Event "URU-ch 92nd"]
[Site "Montevideo"]
[Date "2022.04.11"]
[Round "4"]
[White "Granara Barreto, Sebastian A"]
[Black "Palacio, Enzo"]
[Result "1-0"]
[WhiteElo "2139"]
[BlackElo "1959"]
[PlyCount "73"]
[EventDate "2022.04.08"]
[EventType "tourn"]
[EventRounds "11"]
[EventCountry "URU"]
[EventCategory "1"]
[SourceTitle "CBM 207 Extra"]
[Source "ChessBase"]
[SourceDate "2022.05.31"]
[SourceVersion "1"]
[SourceVersionDate "2022.05.31"]
[SourceQuality "1"]

1. e4 c5 2. Nf3 d6 3. c3 Nf6 4. h3 Nc6 5. Bd3 d5 6. e5 Nd7 7. Bb5 Qb6 8. Bxc6 Qxc6 9. d4 e6 10. 0-0 Be7 11. Re1 Qb6 12. a4 0-0 13. a5 Qc7 14. Bf4 b6 15. axb6 Nxb6 16. Na3 Bd7 17. dxc5 Qxc5 18. Nd4 Nc4 19. Nxc4 Qxc4 20. Re3 Rfb8 21. b3 Qc8 22. Rg3 g6 23. Qd2 Qd8 24. Bh6 Rb7 25. Qf4 Rc8 26. Rf3 Qe8 27. h4 Rbc7 28. h5 Bf8 29. Bg5 Be7 30. hxg6 fxg6 31. Bf6 Qf7 32. Qg5 Re8 33. Ra6 Bc8 34. Rc6 Rxc6 35. Nxc6 Bxf6 36. exf6 Rf8 37. Ne5 1-0

[Event "URU-ch 92nd"]
[Site "Montevideo"]
[Date "2022.04.10"]
[Round "3"]
[White "Granara Barreto, Sebastian A"]
[Black "Diaz Hollemaert, Nahuel Carlos"]
[Result "1/2-1/2"]
[WhiteElo "2139"]
[BlackElo "2435"]
[PlyCount "56"]
[EventDate "2022.04.08"]
[EventType "tourn"]
[EventRounds "11"]
[EventCountry "URU"]
[EventCategory "1"]
[SourceTitle "CBM 207 Extra"]
[Source "ChessBase"]
[SourceDate "2022.05.31"]
[SourceVersion "1"]
[SourceVersionDate "2022.05.31"]
[SourceQuality "1"]

1. e4 b6 2. d4 Bb7 3. Bd3 e6 4. Nf3 d6 5. c4 g6 6. Nc3 Bg7 7. Be3 Nd7 8. Qd2 Ngf6 9. h3 0-0 10. 0-0-0 d5 11. e5 Ne4 12. Bxe4 dxe4 13. Ng5 b5 14. cxb5 a6 15. b6 cxb6 16. Ngxe4 b5 17. f3 b4 18. Na4 Bxe4 19. fxe4 Qc7+ 20. Kb1 Qc6 21. Qc2 Qb7 22. Rc1 Rac8 23. Qd3 Qb5 24. Qxb5 axb5 25. Nc5 Nxc5 26. Rxc5 Rxc5 27. dxc5 Bxe5 28. Rd1 f5 1/2-1/2

[Event "Montevideo Duchamp Cup 5th"]
[Site "Montevideo"]
[Date "2022.02.12"]
[Round "1"]
[White "Granara Barreto, Sebastian A"]
[Black "Agrasot, Antonio"]
[Result "1-0"]
[WhiteElo "2131"]
[BlackElo "1548"]
[PlyCount "83"]
[EventDate "2022.02.12"]
[EventType "swiss"]
[EventRounds "9"]
[EventCountry "URU"]
[SourceTitle "CBM 206 Extra"]
[Source "ChessBase"]
[SourceDate "2022.03.31"]
[SourceVersion "1"]
[SourceVersionDate "2022.03.31"]
[SourceQuality "1"]

1. e4 c6 2. d4 d5 3. e5 Bf5 4. h4 h6 5. Bd3 Bxd3 6. Qxd3 e6 7. Be3 Nd7 8. Ne2 Qb6 9. Qb3 Qxb3 10. axb3 c5 11. Nbc3 cxd4 12. Bxd4 a6 13. 0-0-0 Bc5 14. f4 0-0-0 15. Bxc5 Nxc5 16. b4 Nd7 17. Nd4 Ne7 18. h5 b5 19. g4 Kb7 20. Rhe1 Nc6 21. Nxc6 Kxc6 22. Ne2 Kb7 23. Nd4 Nb8 24. f5 Rhe8 25. fxe6 fxe6 26. Rf1 Rd7 27. Nb3 Rc7 28. Nc5+ Kb6 29. c3 Nd7 30. Nxd7+ Rxd7 31. Rd4 Ree7 32. Rdf4 Kc7 33. Kd2 Kd8 34. Kd3 Rc7 35. b3 Kc8 36. Rf8+ Kb7 37. R1f4 Rc8 38. Rxc8 Kxc8 39. Kd4 Rc7 40. Rf8+ Kb7 41. Re8 Rc6 42. Re7+ 1-0

[Event "URU-ch 92nd"]
[Site "Montevideo"]
[Date "2021.11.23"]
[Round "2"]
[White "Hoffman, Alejandro"]
[Black "Granara Barreto, Sebastian A"]
[Result "1/2-1/2"]
[WhiteElo "2440"]
[BlackElo "2156"]
[PlyCount "62"]
[EventDate "2021.11.22"]
[EventType "tourn"]
[EventRounds "11"]
[EventCountry "URU"]
[EventCategory "2"]
[SourceTitle "CBM 205 Extra"]
[Source "ChessBase"]
[SourceDate "2022.01.31"]
[SourceVersion "1"]
[SourceVersionDate "2022.01.31"]
[SourceQuality "1"]

1. d4 d5 2. c4 c6 3. Nc3 Nf6 4. e3 e6 5. Nf3 Nbd7 6. Bd3 Bd6 7. 0-0 0-0 8. e4 e5 9. cxd5 exd4 10. Nxd4 cxd5 11. exd5 Nc5 12. Be2 Nfe4 13. Nxe4 Nxe4 14. Qd3 Re8 15. Be3 Be5 16. Rad1 Nd6 17. Bf3 Bd7 18. b3 Rc8 19. a4 a6 20. g3 Qa5 21. Rc1 h6 22. Rfd1 Rxc1 23. Rxc1 Rc8 24. Rxc8+ Bxc8 25. Kg2 Bd7 26. g4 Qd8 27. h3 h5 28. Nf5 hxg4 29. Bxg4 Nxf5 30. Bxf5 Bxf5 31. Qxf5 Qxd5+ 1/2-1/2

[Event "Titled Tuesday intern op 08th June"]
[Site "Chess.com INT"]
[Date "2021.06.08"]
[Round "5"]
[White "Granara Barreto, Sebastian A"]
[Black "Mollo, Jhoan"]
[Result "0-1"]
[WhiteElo "2156"]
[BlackElo "2073"]
[PlyCount "56"]
[EventDate "2021.06.08"]
[EventType "swiss (blitz)"]
[EventRounds "11"]
[EventCountry "USA"]
[SourceTitle "CBM 202 Extra"]
[Source "ChessBase"]
[SourceDate "2021.07.31"]
[SourceVersion "1"]
[SourceVersionDate "2021.07.31"]
[SourceQuality "1"]

1. e4 c5 2. c3 e6 3. Nf3 d5 4. exd5 exd5 5. d4 Nc6 6. Be2 Nf6 7. 0-0 Bd6 8. h3 0-0 9. Be3 cxd4 10. Nxd4 Re8 11. Bf3 Ne5 12. Nd2 Nxf3+ 13. N2xf3 Ne4 14. Nb5 Bb8 15. a4 a6 16. Nbd4 Qf6 17. Qb3 Qg6 18. Kh1 Rd8 19. Ne2 Be6 20. Nf4 Bxf4 21. Bxf4 Bxh3 22. gxh3 Qf5 23. Bg3 Qxf3+ 24. Kh2 Ng5 25. Qd1 Qf6 26. Qg4 d4 27. cxd4 Rxd4 28. Rad1 Rxg4 0-1

[Event "Titled Tuesday intern op 08th June"]
[Site "Chess.com INT"]
[Date "2021.06.08"]
[Round "2"]
[White "Granara Barreto, Sebastian A"]
[Black "Torkkola, Henri"]
[Result "1/2-1/2"]
[WhiteElo "2156"]
[BlackElo "2180"]
[PlyCount "122"]
[EventDate "2021.06.08"]
[EventType "swiss (blitz)"]
[EventRounds "11"]
[EventCountry "USA"]
[SourceTitle "CBM 202 Extra"]
[Source "ChessBase"]
[SourceDate "2021.07.31"]
[SourceVersion "1"]
[SourceVersionDate "2021.07.31"]
[SourceQuality "1"]

1. e4 d5 2. exd5 Qxd5 3. d4 e5 4. dxe5 Qxd1+ 5. Kxd1 Bc5 6. f4 Bg4+ 7. Be2 Nh6 8. h3 Bxe2+ 9. Nxe2 Nc6 10. c3 0-0-0+ 11. Kc2 Rhe8 12. b4 Bb6 13. a4 f6 14. a5 Bf2 15. Rf1 Bh4 16. g3 fxe5 17. gxh4 exf4 18. Nxf4 Nf5 19. Na3 Nxh4 20. Bd2 g5 21. Nd3 Re2 22. Nc4 Ng2 23. Rf2 Rde8 24. Raf1 h6 25. Rxe2 Rxe2 26. Rf2 Rxf2 27. Nxf2 b5 28. axb6 axb6 29. Ng4 h5 30. Nge5 Nxe5 31. Nxe5 g4 32. hxg4 hxg4 33. Nxg4 Nh4 34. Nf6 Nf5 35. Nd5 Kd7 36. Bf4 c5 37. Nxb6+ Kc6 38. bxc5 Kxc5 39. Nd7+ Kc6 40. Nf6 Ne7 41. Kd3 Nc8 42. Ng4 Nb6 43. Ne5+ Kd5 44. c4+ Nxc4 45. Nxc4 Ke6 46. Ke4 Kf6 47. Ne5 Ke6 48. Nd3 Kd7 49. Kd5 Ke7 50. Bg5+ Kd7 51. Nb4 Kc7 52. Kc5 Kd7 53. Kd5 Kc7 54. Bf6 Kd7 55. Nd3 Kc7 56. Nc5 Kb6 57. Bc3 Kb5 58. Bd4 Kb6 59. Kd6 Kb5 60. Nd3 Kc4 61. Ne5+ Kxd4 1/2-1/2

[Event "Titled Tuesday intern op 30th Mar"]
[Site "Chess.com INT"]
[Date "2021.03.30"]
[Round "9"]
[White "Granara Barreto, Sebastian A"]
[Black "Mayaud, Raphael"]
[Result "0-1"]
[WhiteElo "2156"]
[BlackElo "2202"]
[PlyCount "52"]
[EventDate "2021.03.30"]
[EventType "swiss (blitz)"]
[EventRounds "11"]
[EventCountry "USA"]
[SourceTitle "CBM 201 Extra"]
[Source "ChessBase"]
[SourceDate "2021.05.31"]
[SourceVersion "1"]
[SourceVersionDate "2021.05.31"]
[SourceQuality "1"]

1. e4 c5 2. c3 d5 3. exd5 Qxd5 4. d4 Nf6 5. Nf3 Nc6 6. Be2 e6 7. 0-0 Be7 8. h3 0-0 9. Be3 b6 10. c4 Qf5 11. Nc3 cxd4 12. Nxd4 Nxd4 13. Qxd4 Bb7 14. Bd3 Qh5 15. Qf4 Rad8 16. Rad1 Rxd3 17. Rxd3 Qg6 18. Nd5 Nxd5 19. Rxd5 exd5 20. cxd5 Bxd5 21. f3 Bxa2 22. Ra1 Be6 23. Rxa7 Bf6 24. Rb7 Qb1+ 25. Kh2 Qxb2 26. Qd6 Be5+ 0-1

[Event "Titled Tuesday intern op 30th Mar"]
[Site "Chess.com INT"]
[Date "2021.03.30"]
[Round "4"]
[White "Granara Barreto, Sebastian A"]
[Black "Zhou, Qiyu"]
[Result "0-1"]
[WhiteElo "2156"]
[BlackElo "2229"]
[PlyCount "60"]
[EventDate "2021.03.30"]
[EventType "swiss (blitz)"]
[EventRounds "11"]
[EventCountry "USA"]
[SourceTitle "CBM 201 Extra"]
[Source "ChessBase"]
[SourceDate "2021.05.31"]
[SourceVersion "1"]
[SourceVersionDate "2021.05.31"]
[SourceQuality "1"]

1. d4 Nf6 2. c4 g6 3. Nc3 d5 4. cxd5 Nxd5 5. Nf3 Bg7 6. h4 h5 7. g3 0-0 8. Bg5 c6 9. Bg2 Na6 10. Qd2 Nac7 11. Bh6 b5 12. Bxg7 Kxg7 13. Ne5 Bb7 14. g4 f6 15. Nxg6 Kxg6 16. Be4+ Kf7 17. gxh5 Ke8 18. Bg6+ Kd7 19. e4 Nxc3 20. bxc3 e6 21. 0-0-0 Qe7 22. d5 cxd5 23. exd5 Bxd5 24. Be4 Qa3+ 25. Kb1 Ke7 26. h6 Rad8 27. Qf4 Bxa2+ 28. Kc2 Qb3+ 29. Kc1 Qxc3+ 30. Bc2 Qa1+ 0-1

[Event "Titled Tuesday intern op 09th Mar"]
[Site "Chess.com INT"]
[Date "2021.03.09"]
[Round "1"]
[White "Granara Barreto, Sebastian A"]
[Black "Ghazarian, Kirk Vagho"]
[Result "0-1"]
[WhiteElo "2156"]
[BlackElo "2181"]
[PlyCount "78"]
[EventDate "2021.03.09"]
[EventType "swiss (blitz)"]
[EventRounds "11"]
[EventCountry "USA"]
[SourceTitle "CBM 201 Extra"]
[Source "ChessBase"]
[SourceDate "2021.05.31"]
[SourceVersion "1"]
[SourceVersionDate "2021.05.31"]
[SourceQuality "1"]

1. e4 c6 2. d4 d5 3. exd5 cxd5 4. Bd3 Nc6 5. c3 g6 6. h3 Bg7 7. Nf3 Nf6 8. 0-0 0-0 9. Be3 Bf5 10. Bxf5 gxf5 11. Nbd2 Ne4 12. Nxe4 fxe4 13. Nd2 f5 14. Bf4 e6 15. Nb3 b6 16. Qd2 Kh8 17. a4 Na5 18. Nxa5 bxa5 19. Bg5 Qe8 20. Bh6 Rg8 21. Bxg7+ Rxg7 22. Qf4 Qg6 23. g3 Qh5 24. Kh2 Rf8 25. b4 Rf6 26. bxa5 Rg4 27. Qb8+ Kg7 28. Rab1 f4 29. Rb7+ Kh6 30. Qc7 Rgg6 31. Qxh7+ Kg5 32. h4+ Kg4 33. Qxh5+ Kxh5 34. Rxa7 fxg3+ 35. Kg2 gxf2+ 36. Kh3 Rf3+ 37. Kh2 Rf4 38. Rh7+ Kg4 39. h5 Rg5 0-1

[Event "Titled Tuesday intern op 09th Mar"]
[Site "Chess.com INT"]
[Date "2021.03.09"]
[Round "7"]
[White "Li, Hui"]
[Black "Granara Barreto, Sebastian A"]
[Result "0-1"]
[WhiteElo "1985"]
[BlackElo "2156"]
[PlyCount "100"]
[EventDate "2021.03.09"]
[EventType "swiss (blitz)"]
[EventRounds "11"]
[EventCountry "USA"]
[SourceTitle "CBM 201 Extra"]
[Source "ChessBase"]
[SourceDate "2021.05.31"]
[SourceVersion "1"]
[SourceVersionDate "2021.05.31"]
[SourceQuality "1"]

1. e4 c5 2. Nf3 d6 3. d4 cxd4 4. Nxd4 Nf6 5. Nc3 g6 6. Be3 Bg7 7. f3 0-0 8. Qd2 Nc6 9. 0-0-0 d5 10. Kb1 e5 11. Nxc6 bxc6 12. exd5 Nxd5 13. Nxd5 cxd5 14. Qxd5 Qc7 15. Qxa8 Bf5 16. Qd5 Qxc2+ 17. Ka1 Rb8 18. Bb5 h5 19. Qc4 Qxg2 20. Bc1 Qxf3 21. Rhf1 Qe4 22. Qxe4 Bxe4 23. Bc4 Rb7 24. Bd5 Bxd5 25. Rxd5 Rc7 26. Kb1 f5 27. Bg5 e4 28. Rc1 Rb7 29. Rd8+ Kh7 30. b3 a5 31. Rdc8 Rd7 32. R8c7 Rxc7 33. Rxc7 Kg8 34. Bd2 Kf8 35. Bxa5 f4 36. Bb4+ Kg8 37. Bc5 e3 38. Kc1 Be5 39. Kd1 Bxc7 40. Ke2 g5 41. h3 g4 42. hxg4 hxg4 43. b4 Kf7 44. b5 Ke6 45. a4 Kd5 46. b6 Bb8 47. Bb4 Kc6 48. a5 Kb5 49. Bc3 Ka6 50. Bb4 Be5 0-1